Largest South Asian cities on Map - Statistics

General Stats
  • This quiz has been taken 192 times
  • The average score is 9 of 10
Answers on the Map
Answers color-coded by a green-red scale on the quiz's map according to % correct below.
 
Answer Stats
Population Answer % Correct
24,998,000 Delhi
99%
15,669,000 Dhaka
97%
22,123,000 Karachi
96%
17,712,000 Mumbai
96%
14,667,000 Kolkata
90%
10,052,000 Lahore
89%
9,714,000 Chennai
86%
8,754,000 Hyderabad
83%
7,186,000 Ahmedabad
76%
9,807,000 Bengaluru
66%
No matching quizzes found
Score Distribution
Percent of People with Each Score
Percentile by Number Answered
Your Score History
You have not taken this quiz